Creatividad : (Record no. 201368)

MARC details
000 -CABECERA
campo de control de longitud fija 01613cab a2200277 ab4500
005 - FECHA Y HORA DE LA ÚLTIMA TRANSACCIÓN
campo de control 20241127110624.0
008 - ELEMENTOS DE LONGITUD FIJA--INFORMACIÓN GENERAL
campo de control de longitud fija 991125c2016 mx tr p o 000 0 spa d
035 ## - NÚMERO DE CONTROL DEL SISTEMA
Número de control de sistema UPN01000229273
040 ## - FUENTE DE LA CATALOGACIÓN
Centro catalogador/agencia de origen MX-MxUPN
Lengua de catalogación spa
Centro/agencia transcriptor MX-MxUPN
Normas de descripción aacr2
049 ## - COLECCIÓN
Colección ART-E
100 1# - ASIENTO PRINCIPAL--NOMBRE PERSONAL
Nombre de persona Summo, Vincent
Enlace - summopico@yahoo.fr
100 1# - ASIENTO PRINCIPAL--NOMBRE PERSONAL
Nombre de persona Voisin, Stéphanie
100 1# - ASIENTO PRINCIPAL--NOMBRE PERSONAL
Nombre de persona Téllez Méndez, Blanca Adriana
245 10 - MENCIÓN DE TÍTULO
Título Creatividad :
Resto del título eje de la educación del siglo XXI
520 3# - NOTA DE RESUMEN, ETC.
Sumario, etc. Hablar de creatividad es considerar un elemento imprescindible de la acción innovadora entendida como proceso de mejora de lo existente. Por ello, el ámbito educativo en su afán de transformar al individuo debe propiciar una actuación que permita integrar dicha dimensión creadora. El presente artículo, basado en una investigación documental, propone esbozar de manera holística las bondades de la creatividad en el ámbito escolar, ahondando dos estrategias recomendadas en el ámbito de las lenguas extranjeras: el proyecto de clase y la simulación global, y haciendo hincapié en las conclusiones del presente artículo en sus ventajas y limitaciones. RIES
650 #2 - ASIENTO SECUNDARIO DE MATERIA - TERMINO TEMATICO
Término de materia o nombre geográfico como elemento de entrada Creatividad
9 (RLIN) 5008
650 #2 - ASIENTO SECUNDARIO DE MATERIA - TERMINO TEMATICO
Término de materia o nombre geográfico como elemento de entrada Imaginación
9 (RLIN) 10940
653 0# - TERMINO DE INDIZACION - NO CONTROLADO
Término no controlado Ambiente creativo
653 0# - TERMINO DE INDIZACION - NO CONTROLADO
Término no controlado Metodología creativa
773 ## - ENLACE AL DOCUMENTO FUENTE/ENTRADA DE REGISTRO ANFITRIÓN
Parte(s) relacionada(s) Vol. 7, no. 18 (2016), p. 83-98
Título Revista iberoamericana de educación superior
Número Internacional Normalizado para Publicaciones Seriadas 2007-2872
856 4# - LOCALIZACIÓN Y ACCESO ELECTRÓNICOS
Identificador Uniforme del Recurso <a href="https://www.ries.universia.unam.mx/index.php/ries/article/view/177">https://www.ries.universia.unam.mx/index.php/ries/article/view/177</a>
856 4# - LOCALIZACIÓN Y ACCESO ELECTRÓNICOS
Identificador Uniforme del Recurso <a href="https://doi.org/10.22201/iisue.20072872e.2016.18.177">https://doi.org/10.22201/iisue.20072872e.2016.18.177</a>
902 ## - ELEMENTOS DE DATOS B LOCAL, LDB (RLIN)
Creó Leonor Sotres/271124
905 ## - TIPO DE MATERIAL
Tipo de material Articulo
942 ## - ELEMENTOS DE PUNTO DE ACCESO ADICIONAL (KOHA)
Tipo de ítem Koha Artículo Electrónico
Holdings
Estado de retiro Estado de pérdida Estado dañado No para préstamo Código de colección Localización permanente Ubicación/localización actual Ubicación en estantería Fecha de adquisición Total de préstamos Fecha visto por última vez Identificador Uniforme del Recurso Precio válido a partir de Tipo de ítem Koha
        Acceso abierto Bib. Gregorio Torres Quintero Bib. Gregorio Torres Quintero En línea 27/11/2024   27/11/2024 https://doi.org/10.22201/iisue.20072872e.2016.18.177 27/11/2024 Artículo Electrónico